000 00825cam a2200193 4500
001 X128894
008 050225n2005 000 0 eng u
035 _a(Sirsi) u128894
100 _aVara, B.
245 _aLand and freedom
260 _c2005
490 _aProperty Week
_v70(7) 18 February 2005, 62-63(2)
520 _aDiscusses the impact of the Freedom of Information Act 2000 on property professionals. Property firms can now request certain types of information which may be useful in disputes both against public authorities, other large landowners and third parties. Two areas likely to be affected are pre-action closure and legal privilege.
650 _aFREEDOM OF INFORMATION ACT 2000
650 _aENVIRONMENTAL INFORMATION REGULATIONS 2004
690 _aLAW-UK
700 _aSchultz, S.
942 _n0
999 _c74845
_d74845